00666 2200253 4500001002100000005001700021008004100038035002400079082001100103090001800114100002000132245006300152250001200215260003600227300003000263500002500293500001100318650002200329850001500351980001500366985000600381986001000387999001500397YOGYA-0209000003161120090227024613.0 ind  0010-020900000031611 a973.32 a973.32bPra H aPratt, Julius W aA history of united states foreigu policycJulius W. Pratt a2 nd ed aNew jerseybPrentice-Hallc1965 axix, 573 hlmbilusc25 cm aTermasuk bibliografi aIndeks aAmerika - Sejarah aYOPDYOG(B) a27-09-2006 a1 aMrref aa000010401